| 000 | 00928na a2200301 4500 | ||
|---|---|---|---|
| 001 | 23079 | ||
| 003 | MIRAKIL | ||
| 005 | 20181213155217.0 | ||
| 008 | 170605b tu 000 0 | ||
| 020 | _a9786052980583 | ||
| 035 | _a13607 | ||
| 040 |
_aMilas _btur _cTR-AnCHP |
||
| 041 | _atur | ||
| 082 |
_aATA 923.156 _bA72s 2016 |
||
| 090 | _aATA 923.156 A72s 2016 | ||
| 100 |
_aAtatürk, Mustafa Kemal _d1881-1838 |
||
| 245 |
_aSöylev _bNutuk _cMustafa Kemal Atatürk |
||
| 250 | _a21.bs. | ||
| 260 |
_aİstanbul _bKırmızı kedi yayınevi _c2016 |
||
| 300 |
_a358 s. _c17 sm. |
||
| 440 |
_aKırmızı Kedi yayınevi _v619 |
||
| 490 |
_aGençlik _v155 |
||
| 600 |
_aAtatürk, Mustafa Kemal _d1881-1938 _xSöylev ve demeçler |
||
| 600 |
_aAtatürk, Mustafa Kemal _d1881-1938 _xSiyasal ve sosyal görüşler |
||
| 650 |
_aAtatürk devrimleri _zTürkiye |
||
| 651 |
_aTürkiye _xSiyaset ve yönetim |
||
| 942 |
_2ddc _cBKS |
||
| 999 |
_c8583 _d8583 |
||